01523cam a22004214i 4500003000900000005001700009008004100026020001500067040003300082049000900115082002200124100003000146245010400176264005500280300003900335336002100374337002500395338002300420504002800443505021000471526001000681526001000691526001000701526001000711526000800721526000800729526000800737526000800745526000800753526000800761526000800769630005900777910000800836942001200844999001700856980005500873952017300928PE-LiUPU20250731173532.0150616s r 000 0 d a0801083265 aPE-LiUPUbspacPE-LiUPUerda aPRUA04a226.06bS819g2231 aStein, Robert H.,eautor.10aGospels and Tradition :bStudies on redaction criticism of the synoptic gospels /cRobert H. Stein. 1aGrand Rapids, Michigan :bBaker Book House,c1991. a204 páginas ;c21 centímetros. atext2rdacontent aunmediated2rdamedia avolume2rdacarrier aIncluye bibliografía.0 aWhat is a redaction criticism?.- Ascertaining a marcan redaction history: the proper methodology.- A seam in Mark.- The transfiguration in Mark.- The cleansing of the temple in Mark.- A short note on Mark. aSEG42 aSEG41 aSEG40 aSEG39 aP94 aP87 aP86 aP85 aP77 aP76 aP3514aBiblia.pEvangeliosxCrítica, interpretación, etc. ajck 2ddccBK c60148d60148 81gALBERTO SANCHEZ Responsable de Automatización r2025-12-02 00:00:00i6l1o226.06 S819gp42317s2024-10-30te1w2015-06-16xFACTEOyBKzinventario-2023-12-13102ddc50708GENfP87aBULbBULcGENd2015-06-16eCOMPRA